|
|
|
|
| LEADER |
01384nam a2200289 u 4500 |
| 001 |
10114489 |
| 003 |
GR-PaULI |
| 005 |
20210117205215.0 |
| 008 |
141125s1974 gr gre |
| 040 |
|
|
|a GR-PaULI
|c GR-PaULI
|
| 041 |
1 |
|
|a gre
|h ger
|
| 082 |
0 |
4 |
|a 171.2
|
| 100 |
1 |
|
|a Fromm, Erich,
|d 1900-1980
|9 5824
|
| 245 |
1 |
0 |
|a Ο άνθρωπος για τον εαυτό του
|b έρευνα στην ψυχολογία της ηθικής
|c Erich Fromm; εισαγωγή-μετάφραση Δημ. Θεοδωρακάτου
|
| 250 |
|
|
|a 2η έκδ.
|
| 260 |
|
|
|a Αθήνα
|b Μπουκουμάνης
|c 1974
|
| 300 |
|
|
|a 315 σ.
|c 21 εκ.
|
| 490 |
0 |
|
|a Κοινωνιολογία
|
| 650 |
|
4 |
|a Ανθρωπιστική ηθική
|9 7242
|
| 700 |
1 |
|
|a Θεοδωρακάτος, Δημήτρης
|4 trl
|9 8177
|
| 760 |
0 |
|
|a Κοινωνιολογία
|
| 852 |
|
|
|a GR-PaULI
|b ΠΑΤΡΑ
|b ΒΚΠ
|b ΒΣ1
|k ΑΣΧΕ
|h 171.2 FRO
|m 115588
|p 025000232955
|t 1
|
| 942 |
|
|
|2 ddc
|c BK15
|
| 952 |
|
|
|0 0
|1 0
|4 0
|6 171_200000000000000_FRO
|7 0
|9 171673
|a LISP
|b LISP
|c BSC
|d 2016-04-24
|i 115588
|l 4
|o 171.2 FRO
|p 025000232955
|r 2024-02-12 00:00:00
|s 2024-01-18
|t 1
|w 2016-04-24
|y BK15
|
| 952 |
|
|
|0 0
|1 0
|2 ddc
|4 0
|6 171_200000000000000_FRO
|7 0
|9 219132
|a LISP
|b LISP
|c BSC
|d 2018-01-19
|i 118124
|l 2
|o 171.2 FRO
|p 025000104814
|r 2024-07-15 00:00:00
|s 2024-03-11
|t 2
|w 2018-01-19
|y BK15
|
| 998 |
|
|
|c ΓΚΟΓΚΟΥ
|d 2014-11
|
| 999 |
|
|
|c 107426
|d 107426
|